00678nam a2200265Ia 4500008004100000020001400041050001000055050001400065100001900079245002700098245004400125245003700169260001000206260002200216260000900238300002200247300002000269300001000289650002400299650002400323650001300347650002400360700001700384700001100401171025s9999 xx 000 0 und d a395501237 a613.7 bB154 1989 aBailey, Covert 4aThe fit or fat woman : bsolutions for women's unique concerns / cby Covert Bailey and Lea Bishop. aUSA : bHoughton Mifflin, c1989 aviii, 151 pages : billustrations ; c21cm. aExercise for women. aReducing exercises. aWomen -- xHealth and hygiene. aBishop, Lea. aTitle.